[Event "BRA-ch U2300 Amateurs"]
[Site "Sao Paulo"]
[Date "2022.06.16"]
[Round "1"]
[White "Stapenhorst, Matheus Frederico"]
[Black "Caetano, Ryan Wesley da Cost"]
[Result "0-1"]
[WhiteElo "1981"]
[BlackElo "2189"]
[PlyCount "50"]
[EventDate "2022.06.16"]
[EventType "swiss"]
[EventRounds "7"]
[EventCountry "BRA"]
[SourceTitle "CBM 208 Extra"]
[Source "ChessBase"]
[SourceDate "2022.07.31"]
[SourceVersion "1"]
[SourceVersionDate "2022.07.31"]
[SourceQuality "1"]

1. e4 c5 2. Nf3 d6 3. d4 cxd4 4. Nxd4 Nf6 5. Nc3 a6 6. Be3 e5 7. Nb3 Be6 8. f3 Be7 9. Qd2 0-0 10. 0-0-0 Nbd7 11. g4 b5 12. g5 b4 13. Ne2 Ne8 14. f4 a5 15. f5 a4 16. Nbd4 exd4 17. Nxd4 b3 18. cxb3 axb3 19. Kb1 Rxa2 20. Nc6 Qa8 21. Na7 Nc5 22. Bxc5 dxc5 23. Qe3 Qxa7 24. Kc1 Ra1+ 25. Kd2 Qa5+ 0-1

[Event "Sao Paulo STD U2200 op 5th"]
[Site "Sao Paulo"]
[Date "2019.09.01"]
[Round "6"]
[White "Dias, Marcelo de Souza"]
[Black "Stapenhorst, Matheus Frederico"]
[Result "1/2-1/2"]
[WhiteElo "1852"]
[BlackElo "1980"]
[PlyCount "87"]
[EventDate "2019.08.30"]
[EventType "swiss"]
[EventRounds "6"]
[EventCountry "BRA"]
[SourceTitle "CBM 195 Extra"]
[Source "ChessBase"]
[SourceDate "2020.05.31"]
[SourceVersion "1"]
[SourceVersionDate "2020.05.31"]
[SourceQuality "1"]

1. d4 Nf6 2. Nf3 e6 3. e3 d5 4. Bd3 c5 5. b3 Nc6 6. 0-0 Bd6 7. Nbd2 0-0 8. Bb2 b6 9. Ne5 Bb7 10. f4 Ne7 11. Ndf3 Nf5 12. Qe2 Be7 13. g4 Nd6 14. Nd2 Nfe4 15. Nxe4 Nxe4 16. Nf3 Rc8 17. c4 dxc4 18. bxc4 Rc7 19. Rad1 Qa8 20. Nd2 Rcc8 21. Qg2 Nxd2 22. Qxd2 Bf3 23. Be2 Bxe2 24. Qxe2 Qe4 25. d5 exd5 26. Rxd5 Rfe8 27. Qd3 Bf6 28. Bxf6 gxf6 29. Kf2 Qxd3 30. Rxd3 Re4 31. Rc1 Rce8 32. Rcc3 R8e7 33. h4 Kg7 34. Rd6 R4e6 35. Rd5 Re8 36. Kf3 Re4 37. Rd7 R8e7 38. Rxe7 Rxe7 39. Rd3 a6 40. Ra3 b5 41. Rxa6 bxc4 42. Rc6 Ra7 43. Rxc5 Rxa2 44. Rxc4 1/2-1/2

[Event "Sao Paulo Haroldo Salles op"]
[Site "Sao Paulo"]
[Date "2019.05.09"]
[Round "1.2"]
[White "Martins, Andre Giacomazzi"]
[Black "Stapenhorst, Matheus Frederico"]
[Result "0-1"]
[WhiteElo "1513"]
[BlackElo "1984"]
[PlyCount "84"]
[EventDate "2019.05.09"]
[EventType "swiss"]
[EventRounds "6"]
[EventCountry "BRA"]
[SourceTitle "EXT 2022"]
[Source "ChessBase"]
[SourceDate "2021.10.06"]
[SourceVersion "1"]
[SourceVersionDate "2021.10.06"]
[SourceQuality "1"]

1. d4 Nf6 2. c4 e6 3. Nc3 Bb4 4. e3 0-0 5. Nge2 Re8 6. a3 Bf8 7. e4 d6 8. Bg5 h6 9. Bh4 Be7 10. f4 Ng4 11. Bxe7 Qxe7 12. Qd2 e5 13. fxe5 dxe5 14. d5 Qc5 15. Ng3 a5 16. Na4 Qe7 17. 0-0-0 Bd7 18. Nf5 Bxf5 19. exf5 Qd7 20. h3 Nf6 21. Qc2 Na6 22. g4 Qe7 23. Bg2 Nc5 24. Nc3 a4 25. Rhe1 e4 26. Re3 Qd6 27. Bf1 Qf4 28. Rde1 c6 29. dxc6 bxc6 30. Kb1 Red8 31. Bg2 Rd3 32. Rxe4 Nfxe4 33. Nxe4 Rad8 34. Nxc5 Rd2 35. Qxa4 Qf2 36. Re8+ Rxe8 37. Qb4 Qxg2 38. a4 Ree2 39. a5 Rxb2+ 40. Qxb2 Rxb2+ 41. Ka1 Ra2+ 42. Kb1 Qb2# 0-1

[Event "Sao Paulo Carnaval op"]
[Site "Sao Paulo"]
[Date "2019.03.03"]
[Round "4"]
[White "Stapenhorst, Matheus Frederico"]
[Black "Martins de Aguiar, Marina"]
[Result "1-0"]
[WhiteElo "1977"]
[BlackElo "1680"]
[PlyCount "69"]
[EventDate "2019.03.02"]
[EventType "swiss"]
[EventRounds "7"]
[EventCountry "BRA"]
[SourceTitle "EXT 2020"]
[Source "ChessBase"]
[SourceDate "2019.10.17"]
[SourceVersion "1"]
[SourceVersionDate "2019.10.17"]
[SourceQuality "1"]

1. e4 c5 2. Nf3 e6 3. d4 cxd4 4. Nxd4 Nf6 5. Nc3 Nc6 6. Ndb5 d6 7. Bf4 e5 8. Bg5 a6 9. Bxf6 gxf6 10. Na3 b5 11. Nd5 f5 12. Bd3 Be6 13. c3 Rc8 14. Qh5 fxe4 15. Bxe4 Be7 16. Nc2 Qa5 17. b4 Qd8 18. a4 Na7 19. Nce3 a5 20. 0-0 axb4 21. cxb4 bxa4 22. Nf5 Rc4 23. Qe2 Bxd5 24. Bxd5 Rxb4 25. Qh5 Rf8 26. Ng7+ Kd7 27. Qh3+ f5 28. Ne6 Qb8 29. Nxf8+ Qxf8 30. Rfb1 Qb8 31. Qxf5+ Kd8 32. Rxb4 Qxb4 33. Rb1 Qa5 34. Rb8+ Kc7 35. Rb7+ 1-0

[Event "Sao Paulo Carnaval op"]
[Site "Sao Paulo"]
[Date "2019.03.02"]
[Round "2"]
[White "Stapenhorst, Matheus Frederico"]
[Black "Delgado Ramirez, Neuris"]
[Result "0-1"]
[WhiteElo "1977"]
[BlackElo "2610"]
[PlyCount "68"]
[EventDate "2019.03.02"]
[EventType "swiss"]
[EventRounds "7"]
[EventCountry "BRA"]
[SourceTitle "EXT 2020"]
[Source "ChessBase"]
[SourceDate "2019.10.17"]
[SourceVersion "1"]
[SourceVersionDate "2019.10.17"]
[SourceQuality "1"]

1. e4 c5 2. Nf3 d6 3. d4 cxd4 4. Nxd4 Nf6 5. Nc3 Nc6 6. Bg5 Qa5 7. Bxf6 gxf6 8. Bc4 Qc5 9. Bb5 Bd7 10. Nb3 Qg5 11. g3 f5 12. Qe2 0-0-0 13. f4 Qg6 14. Qf2 Kb8 15. exf5 Qxf5 16. 0-0-0 Bg7 17. Bd3 Qf6 18. Kb1 Nb4 19. Be4 d5 20. Bd3 Bg4 21. Rd2 Rc8 22. a3 Nxd3 23. Rxd3 Bf5 24. Rd4 Qb6 25. Kc1 Rc4 26. Rhd1 Rhc8 27. Qd2 e6 28. Rxc4 Rxc4 29. g4 Bxg4 30. Re1 Bf5 31. Re5 Bxe5 32. fxe5 Qg1+ 33. Qd1 Qxd1+ 34. Kxd1 Rh4 0-1

[Event "Florianopolis op 5th"]
[Site "Florianopolis"]
[Date "2019.01.26"]
[Round "8"]
[White "Stapenhorst, Matheus Frederico"]
[Black "Dos Santos, Haroldo Cunha Jr"]
[Result "1-0"]
[WhiteElo "1947"]
[BlackElo "2129"]
[PlyCount "81"]
[EventDate "2019.01.21"]
[EventType "swiss"]
[EventRounds "10"]
[EventCountry "BRA"]
[SourceTitle "CBM 188 Extra"]
[Source "ChessBase"]
[SourceDate "2019.02.26"]
[SourceVersion "1"]
[SourceVersionDate "2019.02.26"]
[SourceQuality "1"]

1. e4 e5 2. Nf3 Nc6 3. Bb5 d6 4. d4 exd4 5. Nxd4 Bd7 6. Nc3 Nf6 7. 0-0 Be7 8. Re1 0-0 9. Bf1 Re8 10. h3 Bf8 11. Bf4 Ne5 12. Qd2 c6 13. Rad1 Kh8 14. Bh2 Qc7 15. Kh1 Rad8 16. Qc1 Bc8 17. f4 Ng6 18. Nf3 b5 19. e5 b4 20. Nb5 cxb5 21. exf6 a6 22. fxg7+ Bxg7 23. Bg1 Bb7 24. Nd4 Be4 25. f5 Nh4 26. Qf4 Nxg2 27. Bxg2 Bxg2+ 28. Kxg2 Rg8 29. Kh1 Be5 30. Qe4 Rg3 31. Nc6 Re8 32. Nxe5 dxe5 33. Re3 Rg5 34. Bf2 Qc8 35. Rf3 h6 36. Rd6 f6 37. Rxf6 Qd8 38. Rxh6+ Kg7 39. Rg6+ Rxg6 40. fxg6 Qd6 41. Qb7+ 1-0

[Event "BRA-ch U26"]
[Site "Cuiaba"]
[Date "2016.11.04"]
[Round "2"]
[White "Stapenhorst, Matheus Frederico"]
[Black "Rocha, Vitor Firmo de Souz"]
[Result "1-0"]
[WhiteElo "1926"]
[BlackElo "2134"]
[PlyCount "127"]
[EventDate "2016.11.03"]
[EventType "swiss"]
[EventRounds "7"]
[EventCountry "BRA"]
[SourceTitle "CBM 175 Extra"]
[Source "ChessBase"]
[SourceDate "2016.12.12"]
[SourceVersion "1"]
[SourceVersionDate "2016.12.12"]
[SourceQuality "1"]

1. e4 c5 2. Nf3 Nc6 3. d4 cxd4 4. Nxd4 g6 5. Nc3 Bg7 6. Be3 Nf6 7. Bc4 0-0 8. Bb3 d6 9. f3 Bd7 10. Qd2 Qa5 11. 0-0-0 Rfc8 12. Kb1 Ne5 13. h4 Nc4 14. Bxc4 Rxc4 15. g4 Rac8 16. Nb3 Qd8 17. Bd4 b5 18. g5 b4 19. gxf6 bxc3 20. bxc3 exf6 21. Qf4 Qe7 22. h5 g5 23. Qe3 h6 24. Kc1 Ra4 25. Kd2 Be6 26. Nc1 Qc7 27. f4 f5 28. Ne2 g4 29. Ke1 Rc4 30. Kf2 d5 31. e5 Qe7 32. Rb1 Kh7 33. Rb3 Bd7 34. Rb7 R4c7 35. Rxc7 Rxc7 36. Ng3 Rb7 37. Bc5 Qd8 38. Qd3 Qc8 39. Bd4 Bf8 40. Rd1 a5 41. Qe3 Bg7 42. Qd3 Rb8 43. Be3 Be6 44. Ne2 Qd8 45. Rh1 Qc8 46. Rd1 a4 47. Nc1 Bf8 48. Qd4 Qa6 49. Nd3 a3 50. Nb4 Bxb4 51. cxb4 Qc4 52. Qxc4 dxc4 53. c3 Rb5 54. Bc5 Rb8 55. Rd6 Bc8 56. Rd8 Ra8 57. b5 Kg7 58. Be7 Bb7 59. Bf6+ Kh7 60. Rd7 g3+ 61. Kxg3 Rg8+ 62. Kh3 Bg2+ 63. Kh2 Rg4 64. Rd8 1-0

[Event "BRA-ch U26"]
[Site "Cuiaba"]
[Date "2016.11.04"]
[Round "3"]
[White "Starke, Bruno Orlando"]
[Black "Stapenhorst, Matheus Frederico"]
[Result "1/2-1/2"]
[WhiteElo "2163"]
[BlackElo "1926"]
[PlyCount "61"]
[EventDate "2016.11.03"]
[EventType "swiss"]
[EventRounds "7"]
[EventCountry "BRA"]
[SourceTitle "CBM 175 Extra"]
[Source "ChessBase"]
[SourceDate "2016.12.12"]
[SourceVersion "1"]
[SourceVersionDate "2016.12.12"]
[SourceQuality "1"]

1. d4 Nf6 2. c4 g6 3. Nf3 Bg7 4. g3 0-0 5. Bg2 c5 6. 0-0 cxd4 7. Nxd4 Nc6 8. Nc2 d6 9. Nc3 Bd7 10. e4 Rc8 11. h3 Na5 12. b3 Ne8 13. Nd4 a6 14. Bb2 b5 15. cxb5 axb5 16. Qd2 Nc7 17. Rfe1 Rb8 18. Nd5 Ne6 19. Nxe7+ Qxe7 20. Nxe6 fxe6 21. Bxg7 Qxg7 22. Qxa5 Qd4 23. Qc7 Rxf2 24. Kh1 Rbf8 25. Qxd7 Rxg2 26. Qxe6+ Kh8 27. Kxg2 Qf2+ 28. Kh1 Qf3+ 29. Kh2 Qf2+ 30. Kh1 Qf3+ 31. Kh2 1/2-1/2

[Event "Porto Alegre IRT 50"]
[Site "Porto Alegre"]
[Date "2016.05.07"]
[Round "2"]
[White "Fabris, Mario Henrique"]
[Black "Stapenhorst, Matheus Frederico"]
[Result "1/2-1/2"]
[WhiteElo "1999"]
[BlackElo "1859"]
[PlyCount "31"]
[EventDate "2016.05.06"]
[EventType "swiss"]
[EventRounds "5"]
[EventCountry "BRA"]
[SourceTitle "CBM 172 Extra"]
[Source "ChessBase"]
[SourceDate "2016.06.21"]
[SourceVersion "1"]
[SourceVersionDate "2016.06.21"]
[SourceQuality "1"]

1. d4 Nf6 2. c4 c5 3. d5 d6 4. Nc3 g6 5. e4 Bg7 6. Be2 0-0 7. Nf3 e6 8. dxe6 fxe6 9. e5 dxe5 10. Qxd8 Rxd8 11. Nxe5 Nd5 12. cxd5 Bxe5 13. dxe6 Bxe6 14. Bg5 Re8 15. 0-0 Nc6 16. Bf3 1/2-1/2

[Event "Porto Alegre Oncolinos op"]
[Site "Porto Alegre"]
[Date "2013.11.16"]
[Round "5"]
[White "Benevenga, Antonio"]
[Black "Stapenhorst, Matheus Frederico"]
[Result "0-1"]
[WhiteElo "1729"]
[BlackElo "1790"]
[PlyCount "112"]
[EventDate "2013.11.14"]
[EventType "swiss"]
[EventRounds "7"]
[EventCountry "BRA"]
[SourceTitle "EXT 2015"]
[Source "ChessBase"]
[SourceDate "2014.11.20"]
[SourceVersion "1"]
[SourceVersionDate "2014.11.20"]
[SourceQuality "1"]

1. b3 Nf6 2. Bb2 g6 3. Nf3 Bg7 4. e3 0-0 5. c4 c5 6. Be2 Nc6 7. 0-0 d6 8. d4 Bg4 9. d5 Bxf3 10. Bxf3 Ne5 11. Nc3 Nxf3+ 12. Qxf3 Qa5 13. Rab1 a6 14. Ne4 Nd7 15. Bxg7 Kxg7 16. Qe2 b5 17. Qb2+ Kg8 18. Nd2 Rfb8 19. f4 Ra7 20. g4 Rab7 21. h4 Nb6 22. Qc2 Qa3 23. f5 bxc4 24. fxg6 hxg6 25. Rbd1 cxb3 26. axb3 Nd7 27. h5 Ne5 28. hxg6 fxg6 29. Rf4 Rb4 30. Rdf1 Rxf4 31. exf4 Nf7 32. Qxg6+ Kf8 33. f5 Qb2 34. f6 exf6 35. Rxf6 Rb7 36. Qh6+ Ke8 37. Qe3+ Kf8 38. Qf4 Qd4+ 39. Kg2 Qxf4 40. Rxf4 Kg7 41. Kf3 Kg6 42. Ke3 Ne5 43. Rf8 Nxg4+ 44. Kf4 Rb4+ 45. Kg3 Ne5 46. Rd8 Nf7 47. Ra8 Rd4 48. Nc4 Rxd5 49. Na5 Rd1 50. Rxa6 Ra1 51. Kf4 Kf6 52. Ke4 Ke6 53. Kd3 Kd5 54. Kc3 Ke4 55. Kb2 Rd1 56. Kc2 Rh1 0-1

[Event "Porto Alegre op"]
[Site "Porto Alegre"]
[Date "2013.08.03"]
[Round "3"]
[White "Anesi, Vitor Hugo"]
[Black "Stapenhorst, Matheus Frederico"]
[Result "0-1"]
[WhiteElo "1800"]
[BlackElo "1790"]
[PlyCount "86"]
[EventDate "2013.07.06"]
[EventType "swiss"]
[EventRounds "6"]
[EventCountry "BRA"]
[SourceTitle "EXT 2014"]
[Source "ChessBase"]
[SourceDate "2013.11.20"]
[SourceVersion "1"]
[SourceVersionDate "2013.11.20"]
[SourceQuality "1"]

1. c4 Nf6 2. Nc3 g6 3. e4 d6 4. d3 Bg7 5. Nf3 0-0 6. h3 c5 7. Bd2 Nc6 8. Be2 a6 9. Rb1 Rb8 10. Qc1 b5 11. b3 Bd7 12. a3 Rb7 13. 0-0 Re8 14. Bd1 Qc8 15. Kh2 Qb8 16. Bc2 Nh5 17. g3 Qc8 18. Ng1 Nd4 19. Bd1 Nf6 20. Bf4 Be6 21. e5 dxe5 22. Bxe5 Rd8 23. Bxf6 Bxf6 24. Ne4 b4 25. Nxf6+ exf6 26. a4 Bf5 27. Rb2 Re7 28. Rd2 g5 29. g4 Bg6 30. Qb2 Qc7+ 31. Kg2 Ne6 32. Ne2 Bxd3 33. Re1 Red7 34. Kg1 Bxe2 35. Rexe2 Nf4 36. Rxd7 Qxd7 37. Re1 Nd3 38. Qxf6 Nxe1 39. Qxg5+ Kf8 40. Qxc5+ Qd6 41. Qxd6+ Rxd6 42. Be2 Nd3 43. Kg2 Nf4+ 0-1

[Event "Porto Alegre op"]
[Site "Porto Alegre"]
[Date "2012.09.09"]
[Round "7"]
[White "Stapenhorst, Matheus Frederico"]
[Black "Benevenga, Antonio"]
[Result "1-0"]
[WhiteElo "1800"]
[BlackElo "1830"]
[PlyCount "49"]
[EventDate "2012.09.06"]
[EventType "swiss"]
[EventRounds "7"]
[EventCountry "BRA"]
[SourceTitle "CBM 150 Extra"]
[Source "ChessBase"]
[SourceDate "2012.10.19"]
[SourceVersion "1"]
[SourceVersionDate "2012.10.19"]
[SourceQuality "1"]

1. e4 b6 2. d4 Bb7 3. Bd3 Nf6 4. Nc3 e6 5. a3 c5 6. Nf3 c4 7. Bxc4 Nxe4 8. Nxe4 Bxe4 9. 0-0 Be7 10. Re1 d5 11. Bb5+ Kf8 12. Bf4 Nd7 13. Bd3 Bxd3 14. cxd3 h6 15. Rc1 Rc8 16. Qa4 g5 17. Rxc8 Qxc8 18. Rc1 Nc5 19. Be5 f6 20. dxc5 fxe5 21. Nxe5 Kg7 22. Qxa7 Kf6 23. Nd7+ Kf5 24. c6 Bc5 25. Nxc5 1-0